<?xml version="1.0" encoding="UTF-8"?>
<record
    xmlns:xsi="http://www.w3.org/2001/XMLSchema-instance"
    xsi:schemaLocation="http://www.loc.gov/MARC21/slim http://www.loc.gov/standards/marcxml/schema/MARC21slim.xsd"
    xmlns="http://www.loc.gov/MARC21/slim">

  <leader>01398aam a2200253 a 4500</leader>
  <controlfield tag="001">000262763</controlfield>
  <controlfield tag="003">AR-RoUNCS</controlfield>
  <controlfield tag="005">20251028151837.0</controlfield>
  <controlfield tag="008">080926s1986    ag d   gr     001 0 spa |</controlfield>
  <datafield tag="020" ind1=" " ind2=" ">
    <subfield code="a">950-614-365-X</subfield>
  </datafield>
  <datafield tag="040" ind1=" " ind2=" ">
    <subfield code="a">AR-BaBN</subfield>
    <subfield code="b">spa</subfield>
    <subfield code="c">AR-RoUNCS</subfield>
    <subfield code="e">aacr</subfield>
  </datafield>
  <datafield tag="080" ind1=" " ind2=" ">
    <subfield code="a">32(82)"1880/1916"</subfield>
  </datafield>
  <datafield tag="100" ind1="1" ind2=" ">
    <subfield code="a">Botana, Natalio R.,</subfield>
    <subfield code="d">1937-</subfield>
    <subfield code="e">autor</subfield>
  </datafield>
  <datafield tag="245" ind1="1" ind2="3">
    <subfield code="a">El orden conservador :</subfield>
    <subfield code="b">la pol&#xED;tica argentina entre 1880 y 1916 /</subfield>
    <subfield code="c">Natalio R. Botana.</subfield>
  </datafield>
  <datafield tag="260" ind1=" " ind2=" ">
    <subfield code="a">Buenos Aires :</subfield>
    <subfield code="b">Hyspam&#xE9;rica,</subfield>
    <subfield code="c">1986.</subfield>
  </datafield>
  <datafield tag="300" ind1=" " ind2=" ">
    <subfield code="a">345 p., [3] h. :</subfield>
    <subfield code="b">diagrs. ;</subfield>
    <subfield code="c">20 cm.</subfield>
  </datafield>
  <datafield tag="490" ind1="0" ind2=" ">
    <subfield code="a">Biblioteca Argentina de Historia y Pol&#xED;tica / dirigida por Pablo Costantini</subfield>
    <subfield code="v">6</subfield>
  </datafield>
  <datafield tag="504" ind1=" " ind2=" ">
    <subfield code="a">Incluye notas y referencias bibliogr&#xE1;ficas al final de cada cap&#xED;tulo.</subfield>
  </datafield>
  <datafield tag="505" ind1="0" ind2=" ">
    <subfield code="a">Introducci&#xF3;n -- La f&#xF3;rmula alberdiana: Los or&#xED;genes del r&#xE9;gimen del ochenta -- La rep&#xFA;blica posible -- La oligarqu&#xED;a pol&#xED;tica -- Rasgos institucionales de un r&#xE9;gimen: Electores, gobernadores y senadores -- El sistema federal -- La clase gobernante frente a la impugnaci&#xF3;n revolucionaria -- La reforma pol&#xED;tica de 1912: Del orden olig&#xE1;rquico a la democratizaci&#xF3;n -- Las leyes electorales: di&#xE1;logo entre dos reformadores -- &#xBF;Plan estrat&#xE9;gico o salto en el vac&#xED;o? -- Ap&#xE9;ndice.</subfield>
  </datafield>
  <datafield tag="651" ind1=" " ind2="4">
    <subfield code="a">ARGENTINA</subfield>
    <subfield code="x">GOBIERNO</subfield>
    <subfield code="y">1880-1916</subfield>
  </datafield>
  <datafield tag="653" ind1=" " ind2=" ">
    <subfield code="a">CONSERVADURISMO</subfield>
  </datafield>
  <datafield tag="700" ind1="1" ind2=" ">
    <subfield code="a">Constantini, Pablo</subfield>
    <subfield code="e">director de colecci&#xF3;n</subfield>
  </datafield>
  <datafield tag="942" ind1=" " ind2=" ">
    <subfield code="2">udc</subfield>
    <subfield code="c">OG</subfield>
  </datafield>
  <datafield tag="999" ind1=" " ind2=" ">
    <subfield code="c">657</subfield>
    <subfield code="d">657</subfield>
  </datafield>
  <datafield tag="952" ind1=" " ind2=" ">
    <subfield code="0">0</subfield>
    <subfield code="1">0</subfield>
    <subfield code="2">udc</subfield>
    <subfield code="4">0</subfield>
    <subfield code="7">0</subfield>
    <subfield code="8">CG</subfield>
    <subfield code="a">ESOCIALES</subfield>
    <subfield code="b">ESOCIALES</subfield>
    <subfield code="d">2025-10-28</subfield>
    <subfield code="e">Donaci&#xF3;n 2024</subfield>
    <subfield code="l">0</subfield>
    <subfield code="o">32(82)"1880/1916" B748</subfield>
    <subfield code="p">000964</subfield>
    <subfield code="r">2025-10-28 15:19:47</subfield>
    <subfield code="w">2025-10-28</subfield>
    <subfield code="y">OG</subfield>
  </datafield>
</record>
